|
|
|
|
| LEADER |
02214nam a2200565 a 4500 |
| 001 |
nkc20152658937 |
| 003 |
CZ PrNK |
| 005 |
20150713171915.0 |
| 007 |
ta |
| 008 |
150116s2014 xr ak f 000 0 cze |
| 015 |
|
|
|a cnb002658937
|
| 020 |
|
|
|a 978-80-210-6551-2
|q (brož.)
|
| 035 |
|
|
|a (OCoLC)907524522
|
| 040 |
|
|
|a ABA001
|b cze
|d OLA001
|
| 041 |
0 |
|
|a cze
|b eng
|
| 043 |
|
|
|a e-xr---
|
| 045 |
|
|
|a x9y1
|
| 072 |
|
7 |
|a 316.36
|x Manželství a rodina. Sexuální vztahy
|2 Konspekt
|9 18
|
| 080 |
|
|
|a 316.362.1-055.52
|2 MRF
|
| 080 |
|
|
|a 314.12
|2 MRF
|
| 080 |
|
|
|a 316
|2 MRF
|
| 080 |
|
|
|a 316.362
|2 MRF
|
| 080 |
|
|
|a (437.3)
|2 MRF
|
| 080 |
|
|
|a (048.8:082)
|2 MRF
|
| 245 |
0 |
0 |
|a Rodičovské dráhy :
|b dvacet let vývoje české porodnosti v sociologické perspektivě /
|c Petr Fučík, Beatrice Chromková Manea (eds.) ; [kolektiv autorů Petr Fučík ... et al.]
|
| 250 |
|
|
|a 1. vyd.
|
| 260 |
|
|
|a Brno :
|b Masarykova univerzita,
|c 2014
|
| 300 |
|
|
|a 187 s. :
|b il., formuláře ;
|c 24 cm
|
| 504 |
|
|
|a Obsahuje bibliografie a bibliografické odkazy
|
| 546 |
|
|
|a Anglické resumé
|
| 648 |
|
7 |
|a 1994-2014
|7 ch967343
|2 czenas
|
| 648 |
|
7 |
|a 1991-2020
|7 ch771949
|2 czenas
|
| 650 |
0 |
7 |
|a rodičovství
|7 ph138908
|z Česko
|y 1991-2020
|2 czenas
|
| 650 |
0 |
7 |
|a porodnost
|7 ph124366
|z Česko
|y 1991-2020
|2 czenas
|
| 650 |
0 |
7 |
|a porodnost
|7 ph124366
|x sociologické aspekty
|2 czenas
|
| 650 |
0 |
7 |
|a rodina
|7 ph117260
|z Česko
|y 1991-2020
|2 czenas
|
| 650 |
0 |
9 |
|a parenting
|z Czechia
|y 1991-2020
|2 eczenas
|
| 650 |
0 |
9 |
|a natality
|z Czechia
|y 1991-2020
|2 eczenas
|
| 650 |
0 |
9 |
|a natality
|x sociological aspects
|2 eczenas
|
| 650 |
0 |
9 |
|a family
|z Czechia
|y 1991-2020
|2 eczenas
|
| 655 |
|
7 |
|a kolektivní monografie
|7 fd501537
|2 czenas
|
| 655 |
|
9 |
|a collective monographs
|2 eczenas
|
| 700 |
1 |
|
|a Fučík, Petr,
|d 1979-
|7 mzk2008486323
|4 edt
|4 aut
|
| 700 |
1 |
|
|a Chromková Manea, Beatrice Elena,
|d 1973-
|7 pna2012693061
|4 edt
|4 aut
|
| 910 |
2 |
|
|a BOA001
|b 2-1343.653
|
| 990 |
|
|
|a BK
|
| 995 |
|
|
|a 01
|
| 991 |
|
|
|b 201504
|c NOV
|e n
|
| 996 |
6 |
|
|b 2610625515
|c 2-1343.653
|l MZK
|r Sklad / do 1 hodiny
|n 2
|p p.v.
|w 001495871
|u 000010
|a 1
|e BOA001
|j MZK50
|s P
|
| 996 |
7 |
|
|b 2610625516
|c 2-1343.653
|l MZK
|r Sklad / do 1 hodiny
|n 13
|p p.v.
|w 001495871
|u 000020
|a 1
|e BOA001
|j MZK50
|s A
|